Statistics for Guess Hiragana Character Quiz 1

Click here to take the quiz!

General Stats

  • This quiz has been taken 28 times
  • The average score is 13 of 15

Answer Stats

HintAnswer% Correct
a
100%
n
100%
shi
95%
hi
90%
tsu
90%
mu
86%
ra
86%
ke
81%
ne
81%
ru
81%
to
81%
wo
76%
ya
76%
zo
76%
pa
67%

Score Distribution

Percentile by Number Answered

Percent of People with Each Score

Your Score History

You have not taken this quiz